[Event "European Rapid 2016"]
[Site "Tallinn EST"]
[Date "2016.12.15"]
[Round "6.7"]
[White "Halkias, Stelios"]
[Black "Saric, Ivan"]
[Result "0-1"]
[WhiteTitle "GM"]
[BlackTitle "GM"]
[WhiteElo "2585"]
[BlackElo "2652"]
[WhiteFideId "4201809"]
[BlackFideId "14508150"]
[EventDate "2016.12.15"]

1. e4 g6 2. d4 d6 3. Nc3 Bg7 4. f4 Nf6 5. Nf3 O-O 6. e5 dxe5 7. fxe5 Nd5 8. Bc4
Be6 9. Nxd5 Bxd5 10. Bxd5 Qxd5 11. Qe2 c5 12. c4 Qd7 13. d5 e6 14. Qe4 exd5 15.
cxd5 Rd8 16. d6 Re8 17. O-O Nc6 18. Qh4 Nxe5 19. Bf4 Nxf3+ 20. Rxf3 Bxb2 21.
Raf1 Re4 22. Kh1 Be5 23. Qg5 Bxf4 24. Rxf4 Rxf4 25. Qxf4 Re8 26. h3 Re6 27. Rd1
b5 28. Rd5 c4 29. Qd4 c3 30. Rxb5 Qxb5 31. d7 Re1+ 32. Kh2 Qb8+ 33. g3 Qb2+ 0-1

[Event "European Rapid 2016"]
[Site "Tallinn EST"]
[Date "2016.12.15"]
[Round "6.8"]
[White "Bartel, Mateusz"]
[Black "Zakhartsov, Vladimir"]
[Result "1/2-1/2"]
[WhiteTitle "GM"]
[BlackTitle "IM"]
[WhiteElo "2641"]
[BlackElo "2453"]
[WhiteFideId "1112635"]
[BlackFideId "4145097"]
[EventDate "2016.12.15"]

1. e4 c5 2. Nf3 d6 3. Bb5+ Nd7 4. O-O Nf6 5. Re1 a6 6. Bf1 e5 7. c3 Be7 8. d4
cxd4 9. cxd4 O-O 10. a4 exd4 11. Nxd4 Nc5 12. Nc3 Re8 13. b4 Ne6 14. Nf5 Bf8 15.
Bb2 Ng5 16. Qd4 Ne6 17. Qd2 Nc7 18. Qg5 Bxf5 19. Qxf5 g6 20. Qf3 Bg7 21. Rad1
Qe7 22. b5 axb5 23. Nxb5 Nxb5 24. Bxb5 Red8 25. Ba3 Qe5 26. Rb1 d5 27. exd5 Qxd5
28. Qf4 Qd2 29. Qxd2 Rxd2 30. Bb4 Rdd8 31. Be7 Rdc8 32. Rbd1 Rc2 33. h3 Rac8 34.
g4 h6 35. Kg2 Ra2 36. Rd8+ Rxd8 37. Bxd8 Rc2 38. Re2 Rc8 39. Bxf6 Bxf6 40. Rd2
Rc7 41. Kf3 Kg7 42. Ke4 Be7 43. f4 b6 44. f5 Bc5 45. fxg6 fxg6 46. Kd5 Re7 47.
Kc6 Re6+ 48. Kb7 Re7+ 49. Kc6 Re6+ 50. Kb7 1/2-1/2

[Event "European Rapid 2016"]
[Site "Tallinn EST"]
[Date "2016.12.15"]
[Round "6.9"]
[White "Plat, Vojtech"]
[Black "Fridman, Daniel"]
[Result "0-1"]
[WhiteTitle "IM"]
[BlackTitle "GM"]
[WhiteElo "2532"]
[BlackElo "2596"]
[WhiteFideId "325740"]
[BlackFideId "11600454"]
[EventDate "2016.12.15"]

1. e4 e6 2. d4 d5 3. Nd2 c5 4. exd5 exd5 5. Ngf3 Nc6 6. dxc5 Bxc5 7. Nb3 Bd6 8.
Be2 Nge7 9. O-O O-O 10. Nbd4 h6 11. Be3 a6 12. Qd2 Ng6 13. Rad1 Qc7 14. c4 Nf4
15. cxd5 Nxd4 16. Bxd4 Bg4 17. h3 Bh5 18. Be3 Rfe8 19. Bxf4 Bxf4 20. Qd3 Rad8
21. Rfe1 Qd6 22. Qb3 Re7 23. Nd4 Qxd5 24. Nf3 Qa5 25. Rxd8+ Qxd8 26. Rd1 Rd7 27.
Rxd7 Qxd7 28. g4 Bg6 29. Qc4 Qc7 30. Qd4 Qd6 31. Qc4 b5 32. Qc8+ Kh7 33. Qe8 Qf6
34. a4 Qxb2 35. axb5 f6 36. Qe6 axb5 37. Nh4 Qb1+ 38. Kg2 Qe4+ 39. Qxe4 Bxe4+
40. Nf3 b4 41. Bc4 g5 42. Bb3 Be5 43. Bd1 Bc3 44. Kf1 b3 0-1

[Event "European Rapid 2016"]
[Site "Tallinn EST"]
[Date "2016.12.15"]
[Round "6.10"]
[White "Loginov, Valery A"]
[Black "Ponkratov, Pavel"]
[Result "0-1"]
[WhiteTitle "GM"]
[BlackTitle "GM"]
[WhiteElo "2486"]
[BlackElo "2607"]
[WhiteFideId "4126297"]
[BlackFideId "4157800"]
[EventDate "2016.12.15"]

1. e4 e5 2. Nf3 Nc6 3. Bb5 Nge7 4. c3 a6 5. Ba4 g6 6. d4 exd4 7. cxd4 b5 8. Bb3
Bg7 9. Nc3 d6 10. h3 O-O 11. O-O h6 12. Nd5 Na5 13. Nxe7+ Qxe7 14. Bc2 c5 15. b3
Bb7 16. Re1 Rac8 17. Rb1 Nc6 18. Bb2 cxd4 19. a3 Rfe8 20. b4 Qd7 21. Bb3 Ne5 22.
Bd5 Bxd5 23. exd5 Qb7 24. Nxd4 Nc4 25. Ba1 Qxd5 26. Rxe8+ Rxe8 27. a4 Re4 28.
axb5 axb5 29. Nf3 Qxd1+ 30. Rxd1 Bxa1 31. Rxa1 Kf8 32. Ra8+ Ke7 33. Rb8 Na3 34.
g4 Rxb4 35. g5 h5 36. Nd2 Nc2 37. Kg2 Rd4 38. Nb3 Rd5 39. h4 Ne1+ 40. Kf1 Nf3
41. Na5 Nxh4 42. Rb7+ Kf8 43. Nc6 Rxg5 44. Nd4 Rd5 45. Nxb5 Nf5 46. Nc3 Rd4 0-1

[Event "European Rapid 2016"]
[Site "Tallinn EST"]
[Date "2016.12.15"]
[Round "6.11"]
[White "Ruck, Robert"]
[Black "Onischuk, Vladimir"]
[Result "0-1"]
[WhiteTitle "GM"]
[BlackTitle "GM"]
[WhiteElo "2561"]
[BlackElo "2601"]
[WhiteFideId "705713"]
[BlackFideId "14114038"]
[EventDate "2016.12.15"]

1. Nf3 g6 2. e4 d6 3. d4 Nf6 4. Nc3 Bg7 5. Be2 O-O 6. O-O a6 7. Re1 Nc6 8. h3 e5
9. dxe5 dxe5 10. Bg5 Be6 11. Qc1 Qe8 12. Rd1 Rc8 13. Qe3 Nd7 14. Nd5 f5 15. Bc4
Rf7 16. exf5 gxf5 17. Bb3 f4 18. Qe2 h6 19. Bh4 Nc5 20. c3 e4 21. Ne1 Rf5 22.
Nb4 Nxb3 23. Nxc6 Qxc6 24. axb3 Bxb3 25. Rd2 Re8 26. Qg4 Rf7 27. Nc2 e3 28. fxe3
fxe3 29. Re2 Re4 30. Qh5 Qe6 31. Rf1 Rxf1+ 32. Kxf1 Bc4 33. Bg3 Qd7 34. Ke1 Bxe2
35. Qxe2 Qd2+ 36. Qxd2 exd2+ 37. Kxd2 c6 38. Kd3 Re6 39. Ne3 Kf7 40. Bf2 b5 41.
g4 a5 42. Nf5 a4 43. Be3 Bf8 44. h4 c5 45. g5 hxg5 46. hxg5 Re5 47. Nh4 c4+ 48.
Kd2 Rd5+ 49. Kc2 Be7 50. Nf3 Kg6 51. Bc1 Kh5 52. Kb1 Kg4 53. Nh2+ Kh5 54. Nf3
Bc5 55. Kc2 Rf5 56. Nd4 Bxd4 57. cxd4 b4 58. Bd2 Rf2 59. d5 c3 60. bxc3 b3+ 61.
Kd3 b2 0-1

[Event "European Rapid 2016"]
[Site "Tallinn EST"]
[Date "2016.12.15"]
[Round "6.13"]
[White "Movsesian, Sergei"]
[Black "Sychev, Klementy"]
[Result "1/2-1/2"]
[WhiteTitle "GM"]
[BlackTitle "IM"]
[WhiteElo "2673"]
[BlackElo "2453"]
[WhiteFideId "310204"]
[BlackFideId "4114060"]
[EventDate "2016.12.15"]

1. Nf3 d5 2. g3 c6 3. Bg2 Bg4 4. c4 e6 5. O-O Bd6 6. Qb3 Qb6 7. Qc2 Nf6 8. cxd5
exd5 9. d3 O-O 10. Be3 Qc7 11. Nc3 Nbd7 12. Rac1 a6 13. Qb3 Rac8 14. Nd4 Qb8 15.
h3 Nc5 16. Qd1 Bd7 17. Bg5 Be7 18. e4 dxe4 19. dxe4 Rcd8 20. Qc2 Rfe8 21. Be3
Ne6 22. Nb3 c5 23. Nd5 b6 24. Rfd1 Nxd5 25. exd5 Nf8 26. Nd2 Qc8 27. Kh2 Bf5 28.
Qc3 Ng6 29. a4 Qb8 30. Nc4 Bf6 31. Qa3 b5 32. axb5 axb5 33. Na5 Ne5 34. Bxc5 Nc4
35. Nxc4 bxc4 36. Rxc4 Qxb2 37. Qxb2 Bxb2 38. d6 Be6 39. Re4 Bf6 40. Bb6 Rd7 41.
Re2 Rc8 42. Bc7 g6 43. Bc6 Rxd6 44. Rxd6 Rxc7 45. Bd5 Be7 46. Rc6 Rxc6 47. Bxc6
Bc5 48. Kg2 Kg7 49. Rd2 Bb4 50. Rd3 h5 51. Bd5 Kf6 52. Rf3+ Ke5 53. Bxe6 Kxe6
54. Rb3 Bc5 55. Rb5 Bd4 56. Kf3 Kf6 57. Rd5 Ba7 58. Rd7 Bc5 59. Rc7 Bd4 60. Ke2
Ke6 61. Rb7 Kf6 62. f3 Ke6 63. Kd3 Bf2 64. g4 hxg4 65. hxg4 f5 66. Rb2 Bh4 67.
Rb6+ Kf7 68. gxf5 gxf5 69. Ra6 Bf6 70. Ke3 Be5 71. Rc6 Ke7 72. Kd3 Kf7 73. Kc4
Bf6 74. Kd5 Bb2 75. Rb6 Ba1 76. Kc4 Bf6 77. Kd3 Be5 78. Ra6 Ke7 79. Ke3 Kf7 80.
Kf2 Bf6 81. Kg3 Bg5 82. Ra5 Kg6 83. Rb5 Be3 84. Re5 Bd2 85. Rd5 Be3 86. f4 Kf6
87. Rd6+ Kf7 88. Rc6 Bd2 89. Rc2 Be3 90. Rc4 Kg6 91. Rc3 Bd2 92. Rc6+ Kf7 93.
Ra6 Kg7 94. Rd6 Be3 95. Rd3 Bc1 96. Rd4 Be3 97. Rc4 Kg6 98. Kf3 Bg1 99. Ra4 Kf7
100. Ke2 Ke6 101. Kd3 Bh2 102. Rb4 Bg3 103. Rb6+ Kf7 104. Ke3 Bh4 105. Ra6 Bf6
106. Kd3 Bb2 107. Rc6 Ke7 108. Rc2 Bf6 109. Kc4 Kf7 110. Kd5 Bg7 111. Rc7+ Kf6
112. Rb7 Bh8 113. Kd6 Bg7 114. Kd7 Bh6 115. Rb6+ Kg7 116. Rb4 Kf6 117. Ra4 Kf7
118. Ra5 Kf6 119. Ra6+ Kg7 120. Ra4 Kf6 121. Ke8 Bxf4 122. Rxf4 Kg5 123. Rf1 f4
124. Kd7 Kf5 125. Ke7 Ke5 126. Kf7 Kf5 127. Kg7 Kg5 128. Kf7 Kf5 129. Ke7 Ke5
130. Re1+ Kd4 131. Ke6 f3 1/2-1/2

[Event "European Rapid 2016"]
[Site "Tallinn EST"]
[Date "2016.12.15"]
[Round "6.14"]
[White "Kovalenko, Igor"]
[Black "Brodowski, Piotr"]
[Result "1-0"]
[WhiteTitle "GM"]
[BlackTitle "IM"]
[WhiteElo "2684"]
[BlackElo "2444"]
[WhiteFideId "14117908"]
[BlackFideId "1124480"]
[EventDate "2016.12.15"]

1. d4 c5 2. e3 d6 3. Nf3 Nf6 4. Be2 b6 5. O-O Bb7 6. c4 g6 7. Nc3 Bg7 8. d5 O-O
9. e4 e5 10. a3 h6 11. Bd2 Nbd7 12. Qc1 Kh7 13. Ne1 Qe7 14. b4 Rac8 15. Qb1 Rb8
16. Ra2 Ne8 17. Bd3 Nef6 18. g3 Nh5 19. Ng2 Rbe8 20. Be2 Ndf6 21. bxc5 bxc5 22.
Rb2 Bc8 23. Qc2 Ng4 24. f3 Ngf6 25. Rfb1 Kh8 26. Bd3 Nh7 27. Rb8 Ng5 28. Bxg5
hxg5 29. Ne3 Nf6 30. Ra8 g4 31. Be2 Bh6 32. Nxg4 Nxg4 33. fxg4 f5 34. gxf5 gxf5
35. Bh5 Rd8 36. Rxc8 Rxc8 37. exf5 Qg5 38. Bg6 Qe3+ 39. Kg2 Rb8 40. Ne4 Rxb1 41.
Qxb1 Qe2+ 42. Kh3 Qxc4 43. Nxd6 Qxd5 44. Ne4 c4 45. Qe1 Rb8 46. Qe2 Qd3 47. Qh5
Qf1+ 48. Kh4 Qc1 49. f6 Rb2 50. h3 Re2 51. Qxe2 1-0

[Event "European Rapid 2016"]
[Site "Tallinn EST"]
[Date "2016.12.15"]
[Round "6.15"]
[White "Kanep, Meelis"]
[Black "Bortnyk, Olexandr"]
[Result "1-0"]
[WhiteTitle "GM"]
[BlackTitle "GM"]
[WhiteElo "2485"]
[BlackElo "2581"]
[WhiteFideId "4501047"]
[BlackFideId "14120828"]
[EventDate "2016.12.15"]

1. d4 d6 2. e4 Nf6 3. Nc3 Nbd7 4. Nf3 e5 5. Bc4 Be7 6. O-O O-O 7. Re1 a6 8. a4
b6 9. b3 Bb7 10. Bb2 c6 11. d5 Nc5 12. dxc6 Bxc6 13. Bd5 Bxd5 14. exd5 Qd7 15.
a5 bxa5 16. Rxa5 Rfc8 17. Nd2 Bd8 18. Ra2 a5 19. Nc4 a4 20. Qa1 Ra6 21. b4 Nce4
22. Nxe5 dxe5 23. Nxe4 Qxd5 24. Rxa4 Rxa4 25. Qxa4 Ra8 26. Nxf6+ gxf6 27. Qb3
Qxb3 28. cxb3 Ra2 29. Rb1 Be7 30. b5 Ra5 31. Bc3 Rxb5 32. b4 f5 33. Kf1 e4 34.
Ke2 h5 35. Ra1 Rb7 36. Ra5 Rc7 37. Bd2 Rc2 38. Ra8+ Kg7 39. Kd1 Rc7 40. Rb8 Bd6
41. Rb5 Bxh2 42. Rxf5 Rd7 43. g3 f6 44. Ke2 Kg6 45. Rf4 f5 46. Rh4 Bg1 47. Be3
Rb7 48. Bc5 f4 49. Rxf4 e3 50. Bxe3 Rd7 1-0

[Event "European Rapid 2016"]
[Site "Tallinn EST"]
[Date "2016.12.15"]
[Round "6.17"]
[White "Zagorskis, Darius"]
[Black "Riazantsev, Alexander"]
[Result "0-1"]
[WhiteTitle "GM"]
[BlackTitle "GM"]
[WhiteElo "2469"]
[BlackElo "2671"]
[WhiteFideId "12800120"]
[BlackFideId "4125029"]
[EventDate "2016.12.15"]

1. Nf3 d5 2. g3 Nd7 3. Bg2 e5 4. d3 c6 5. O-O Ngf6 6. e4 Bd6 7. Nh4 O-O 8. Nf5
Bc7 9. Qf3 Nc5 10. Nc3 dxe4 11. dxe4 Ne6 12. Ne2 Bb6 13. b3 Re8 14. h4 g6 15.
Nh6+ Kg7 16. Bg5 Qe7 17. Bxf6+ Qxf6 18. Qxf6+ Kxf6 19. Ng4+ Kg7 20. Rad1 Nf4 21.
Bf3 h5 22. Nh2 Nxe2+ 23. Bxe2 Bh3 24. Rfe1 Ba5 25. Bf1 Bxe1 26. Bxh3 Bb4 0-1

[Event "European Rapid 2016"]
[Site "Tallinn EST"]
[Date "2016.12.15"]
[Round "6.18"]
[White "Alekseev, Evgeny"]
[Black "Pustovoitova, Daria"]
[Result "1/2-1/2"]
[WhiteTitle "GM"]
[BlackTitle "FM"]
[WhiteElo "2632"]
[BlackElo "2401"]
[WhiteFideId "4138147"]
[BlackFideId "4182146"]
[EventDate "2016.12.15"]

1. e4 c5 2. Nf3 d6 3. d4 cxd4 4. Qxd4 Nc6 5. Bb5 Bd7 6. Qd3 g6 7. c4 Bg7 8. O-O
Nf6 9. Nc3 O-O 10. h3 a6 11. Bxc6 Bxc6 12. Nd4 Nd7 13. Be3 Rc8 14. Rac1 Qa5 15.
b3 Nc5 16. Qd2 Ne6 17. Rc2 Nxd4 18. Bxd4 Bxd4 19. Qxd4 Qc5 20. Rd1 Qxd4 21. Rxd4
Rc7 22. a4 Rfc8 23. Ra2 f5 24. exf5 gxf5 25. f3 Rd7 26. Rad2 Rcd8 27. Kf2 e5 28.
R4d3 Kf7 29. Nd5 Bxd5 30. Rxd5 f4 31. Ke2 Ke6 32. Kd3 b6 33. Ke4 Rc8 34. Rd1 Rc6
35. R1d2 a5 36. g3 fxg3 37. f4 Rg7 38. Rg2 Rc5 39. fxe5 dxe5 40. Rd3 Rf7 41.
Rgxg3 Rf4+ 42. Ke3 Rc7 43. Rd8 Rh4 44. Re8+ Kd6 45. Kd3 Re7 46. Rf8 Kc6 47. Kc3
e4 48. Rf6+ Kc7 49. Re3 Kb7 50. Rf5 Kc6 51. Rf6+ Kb7 52. Rf8 Kc6 53. Rf5 Re8 54.
Kd4 Rd8+ 55. Rd5 Re8 56. c5 bxc5+ 57. Rxc5+ Kb6 58. Rb5+ Ka6 59. Rd5 Re6 60. Kc5
Rhh6 61. Kd4 Rh4 62. Kc5 Rhh6 63. Kd4 1/2-1/2

[Event "European Rapid 2016"]
[Site "Tallinn EST"]
[Date "2016.12.15"]
[Round "6.19"]
[White "Ladva, Ottomar"]
[Black "Matlakov, Maxim"]
[Result "1/2-1/2"]
[WhiteTitle "GM"]
[BlackTitle "GM"]
[WhiteElo "2510"]
[BlackElo "2694"]
[WhiteFideId "4500024"]
[BlackFideId "4168003"]
[EventDate "2016.12.15"]

1. Nf3 Nf6 2. c4 c5 3. Nc3 Nc6 4. d4 cxd4 5. Nxd4 e6 6. Bg5 Be7 7. e3 Qa5 8. Bh4
Bb4 9. Qc2 Ne4 10. Rc1 Nxc3 11. bxc3 Nxd4 12. exd4 Bd6 13. Bd3 b6 14. O-O Ba6
15. Qe2 Rc8 16. Qg4 Kf8 17. d5 Qc5 18. Rcd1 h5 19. Qf3 Kg8 20. Rfe1 Bxc4 21.
Bxc4 Qxc4 22. Re4 Qc5 23. dxe6 dxe6 24. Red4 Be7 25. Rd7 g5 26. Bg3 g4 27. Qb7
Re8 28. Rc7 Qg5 29. Qe4 Bf6 30. Rxa7 Kg7 31. Bf4 Qf5 32. Qxf5 exf5 33. Be3 Rd8
34. Rxd8 Rxd8 35. Kf1 b5 36. Ra5 Bxc3 37. Rxb5 Kg6 38. Rc5 Bf6 39. Rc6 Kg7 40.
g3 Ra8 41. Rc5 Kg6 42. Rc6 Kg7 43. Rc5 Kg6 44. Rc6 Kg7 45. Rc5 Kg6 1/2-1/2

[Event "European Rapid 2016"]
[Site "Tallinn EST"]
[Date "2016.12.15"]
[Round "6.20"]
[White "Narmontas, Matas"]
[Black "Vitiugov, Nikita"]
[Result "1/2-1/2"]
[WhiteTitle "IM"]
[BlackTitle "GM"]
[WhiteElo "2411"]
[BlackElo "2726"]
[WhiteFideId "12802204"]
[BlackFideId "4152956"]
[EventDate "2016.12.15"]

1. e4 c5 2. Nf3 e6 3. d4 cxd4 4. Nxd4 Nc6 5. Nc3 Qc7 6. Be3 a6 7. Bd3 Nf6 8. O-O
Bd6 9. h3 Nxd4 10. Bxd4 b5 11. a3 Bb7 12. Qe2 Be5 13. Bxe5 Qxe5 14. f4 Qc5+ 15.
Kh2 d6 16. e5 dxe5 17. fxe5 Nd7 18. Rae1 O-O 19. Bxh7+ Kxh7 20. Qd3+ Kg8 21.
Qxd7 Bc6 22. Qd2 Rad8 23. Qf2 Qxf2 24. Rxf2 Rd4 25. Rd1 Rxd1 26. Nxd1 Rd8 27.
Ne3 Rd4 28. c3 Re4 29. Ng4 Bd5 30. Rd2 a5 31. Kg3 Kf8 32. Kf2 Rf4+ 33. Ke3 Re4+
34. Kd3 Ke7 35. Rf2 Ke8 36. Kd2 Bc4 37. Kd1 Bb3+ 38. Kd2 Bc4 39. Kd1 Kf8 40. g3
Bb3+ 41. Kd2 Bc4 42. Kd1 Bb3+ 43. Kd2 Bc4 44. Kd1 Bb3+ 45. Kd2 Bc4 46. Kd1 1/2-1/2

[Event "European Rapid 2016"]
[Site "Tallinn EST"]
[Date "2016.12.15"]
[Round "6.22"]
[White "Huzman, Alexander"]
[Black "Mustaps, Matiss"]
[Result "1-0"]
[WhiteTitle "GM"]
[BlackTitle "FM"]
[WhiteElo "2557"]
[BlackElo "2302"]
[WhiteFideId "2803828"]
[BlackFideId "11602295"]
[EventDate "2016.12.15"]

1. Nf3 Nf6 2. c4 g6 3. Nc3 Bg7 4. e4 d6 5. d4 O-O 6. Be2 Na6 7. O-O e5 8. Re1 c6
9. Bf1 Bg4 10. d5 Nc5 11. b4 Ncd7 12. dxc6 bxc6 13. Qxd6 Bxf3 14. gxf3 Ne8 15.
Qxc6 Rc8 16. Qa4 Nb6 17. Qb3 Nc7 18. c5 Ne6 19. Ne2 Nd7 20. Bh3 Nd4 21. Nxd4
exd4 22. f4 Rb8 23. Qd5 d3 24. Rb1 Nxc5 25. Qxd8 Rfxd8 26. Bd2 Ne6 27. Bxe6 fxe6
28. Rec1 Rbc8 29. Rxc8 Rxc8 30. Rb3 Rc2 31. Rxd3 Rxa2 32. Rd8+ Kf7 33. Rd7+ Kg8
34. Be3 a6 35. Ra7 Ra4 36. Bc5 Bc3 37. Rb7 a5 38. b5 Rxe4 39. b6 Bb4 40. Be3 Bf8
41. Rd7 Rb4 42. b7 a4 43. Ba7 a3 44. b8=Q a2 45. Rd1 Rxb8 46. Bxb8 Bg7 47. Be5 1-0

[Event "European Rapid 2016"]
[Site "Tallinn EST"]
[Date "2016.12.15"]
[Round "6.23"]
[White "Shytaj, Luca"]
[Black "Potkin, Vladimir"]
[Result "0-1"]
[WhiteTitle "IM"]
[BlackTitle "GM"]
[WhiteElo "2435"]
[BlackElo "2597"]
[WhiteFideId "812633"]
[BlackFideId "4131061"]
[EventDate "2016.12.15"]

1. e4 c5 2. Nf3 e6 3. d4 cxd4 4. Nxd4 Nc6 5. Nc3 Qc7 6. Be3 a6 7. Qf3 d6 8.
O-O-O Bd7 9. Kb1 Nf6 10. h3 b5 11. Nxc6 Bxc6 12. Bd3 Be7 13. g4 b4 14. Ne2 Qb7
15. Nd4 Bxe4 16. Bxe4 Qxe4 17. Qxe4 Nxe4 18. Nc6 a5 19. Bd4 e5 20. Rhe1 Ng5 21.
Ba7 Nxh3 22. Rd5 h5 23. gxh5 Rxh5 24. Rxa5 g5 25. Nxb4 Nxf2 26. Nd5 Bd8 27. Ra3
Ne4 28. b4 Nd2+ 29. Kc1 Nc4 30. Ra6 g4 31. b5 g3 32. Bg1 Rb8 33. a4 Rh1 34. Kd1
Kd7 35. Ra7+ Ke6 36. Nf4+ Kf6 37. Nd5+ Ke6 38. Nf4+ Kf5 39. Rxf7+ Kg4 40. Ng2
Ba5 41. Ref1 Kh3 42. Ne3 Nxe3+ 43. Bxe3 Rxf1+ 44. Rxf1 d5 45. Ke2 Rc8 46. Rh1+
Kg2 47. Rg1+ Kh2 48. Kf3 e4+ 49. Kg4 g2 50. Rd1 Rg8+ 51. Kf5 Rf8+ 52. Ke5 Rf1
53. Rxd5 Re1 54. Bf4+ Kh3 55. Rd7 g1=Q 56. Rh7+ Kg4 0-1

[Event "European Rapid 2016"]
[Site "Tallinn EST"]
[Date "2016.12.15"]
[Round "6.24"]
[White "Grandelius, Nils"]
[Black "Pohjala, Henri"]
[Result "1-0"]
[WhiteTitle "GM"]
[BlackTitle "FM"]
[WhiteElo "2643"]
[BlackElo "2382"]
[WhiteFideId "1710400"]
[BlackFideId "506478"]
[EventDate "2016.12.15"]

1. e4 d5 2. exd5 Qxd5 3. Nc3 Qd8 4. g3 Nf6 5. Bg2 c6 6. Nf3 Bg4 7. h3 Bxf3 8.
Qxf3 e6 9. O-O Nbd7 10. Ne2 Bd6 11. d4 O-O 12. Qb3 Qb6 13. Bd2 Rfe8 14. Rad1
Qxb3 15. axb3 e5 16. Rfe1 g6 17. Bc1 exd4 18. Nxd4 Rxe1+ 19. Rxe1 Bc5 20. Rd1
Nb6 21. Bg5 Kg7 22. c3 Nbd5 23. b4 Bxd4 24. Rxd4 a6 25. Kf1 Re8 26. Bd2 Nc7 27.
c4 Ne6 28. Rd3 Kf8 29. Bc3 Ke7 30. Ke2 Rd8 31. Rxd8 Nxd8 32. Ke3 h5 33. f4 Ne6
34. Bf3 Nd7 35. f5 Ng5 36. fxg6 fxg6 37. Bg2 Nf6 38. Be5 Ne6 39. Bf1 Nd7 40. Bc3
Nf6 41. Bg2 Nd7 42. b5 Nb6 43. bxa6 bxa6 44. b3 Nc5 45. Bb4 Kd6 46. Kd4 Nd7 47.
h4 1-0

[Event "European Rapid 2016"]
[Site "Tallinn EST"]
[Date "2016.12.15"]
[Round "6.25"]
[White "Popov, Mikhail"]
[Black "Chigaev, Maksim"]
[Result "0-1"]
[WhiteTitle "FM"]
[BlackTitle "GM"]
[WhiteElo "2369"]
[BlackElo "2531"]
[WhiteFideId "4146182"]
[BlackFideId "4108116"]
[EventDate "2016.12.15"]

1. c4 g6 2. g3 Bg7 3. Bg2 Nf6 4. Nc3 O-O 5. e4 c5 6. d3 Nc6 7. Nge2 d6 8. O-O
Nd4 9. h3 a6 10. Be3 Ne8 11. Rb1 Nc7 12. a4 Bd7 13. b4 Rb8 14. b5 axb5 15. axb5
Ra8 16. Kh2 b6 17. Qc1 e6 18. Bg5 f6 19. Be3 e5 20. Bh6 Qe7 21. Bxg7 Qxg7 22.
Qb2 Qh6 23. Nxd4 cxd4 24. Ne2 Ne6 25. Ra1 Nc5 26. Rxa8 Rxa8 27. Ra1 Rxa1 28.
Qxa1 Qd2 29. Qa8+ Kg7 30. Ng1 Qxd3 31. Qd5 Qc2 32. Qxd6 Qxc4 33. Qxb6 Qxb5 34.
Qd6 Kf7 35. f4 Qc6 36. fxe5 Qxd6 37. exd6 Ke6 38. Ne2 d3 39. Nc3 Kxd6 40. Kg1
Ke5 41. Kf2 Kd4 42. Nd5 Ba4 43. Nxf6 d2 44. Bf3 Nd3+ 45. Kf1 Ne5 46. Be2 Bb5 47.
Kf2 Nd3+ 48. Kf3 Nb2 0-1

[Event "European Rapid 2016"]
[Site "Tallinn EST"]
[Date "2016.12.15"]
[Round "6.26"]
[White "Zvjaginsev, Vadim"]
[Black "Kashtanov, Ruslan"]
[Result "1-0"]
[WhiteTitle "GM"]
[BlackTitle "IM"]
[WhiteElo "2679"]
[BlackElo "2377"]
[WhiteFideId "4113403"]
[BlackFideId "4124871"]
[EventDate "2016.12.15"]

1. e4 c5 2. Nf3 Nc6 3. Bb5 b6 4. O-O Bb7 5. Re1 a6 6. Bxc6 Bxc6 7. d4 cxd4 8.
Nxd4 e5 9. Nf5 g6 10. Nd6+ Bxd6 11. Qxd6 Qb8 12. Qa3 b5 13. Bd2 Nf6 14. Bg5 b4
15. Qf3 Nxe4 16. Rxe4 f5 17. Nd2 Rf8 18. Qh3 fxe4 19. Qxh7 Qd6 20. Nc4 Qe6 21.
Rd1 d5 22. Qc7 1-0

[Event "European Rapid 2016"]
[Site "Tallinn EST"]
[Date "2016.12.15"]
[Round "6.27"]
[White "Lobanov, Sergei"]
[Black "Pavlidis, Antonios"]
[Result "1/2-1/2"]
[BlackTitle "GM"]
[WhiteElo "2429"]
[BlackElo "2532"]
[WhiteFideId "24183750"]
[BlackFideId "4212312"]
[EventDate "2016.12.15"]

1. e4 c5 2. Nf3 Nc6 3. d4 cxd4 4. Nxd4 Qb6 5. Nb3 Nf6 6. Nc3 e6 7. Be3 Qc7 8. f4
Bb4 9. Bd3 Bxc3+ 10. bxc3 b6 11. O-O Bb7 12. f5 exf5 13. Rxf5 d6 14. Bh6 gxh6
15. Rxf6 Ke7 16. Rxh6 Ne5 17. Nd4 Ng6 18. Qd2 Qc5 19. Rf1 Bc8 20. Qf2 Be6 21.
Qf6+ Kd7 22. Bb5+ Kc7 23. Kh1 Rac8 24. Ba6 Rce8 25. Nxe6+ Rxe6 26. Qxf7+ Re7 27.
Rxg6 Rxf7 28. Rxf7+ Kd8 29. Rgg7 Qxc3 30. Rd7+ Ke8 31. Rde7+ Kd8 32. h3 Qa1+ 33.
Kh2 Qf6 34. Rxa7 Qf4+ 35. Kg1 Qe3+ 36. Kh1 Qc1+ 37. Kh2 Qf4+ 38. Kg1 Qe3+ 39.
Kh1 Qc1+ 40. Kh2 Ke8 1/2-1/2

[Event "European Rapid 2016"]
[Site "Tallinn EST"]
[Date "2016.12.15"]
[Round "6.28"]
[White "Shkapenko, Pavel"]
[Black "Grigoriants, Sergey"]
[Result "1/2-1/2"]
[WhiteTitle "IM"]
[BlackTitle "GM"]
[WhiteElo "2425"]
[BlackElo "2563"]
[WhiteFideId "4151933"]
[BlackFideId "4130804"]
[EventDate "2016.12.15"]

1. e4 c5 2. c3 Nf6 3. e5 Nd5 4. d4 cxd4 5. cxd4 d6 6. Nf3 Nc6 7. Bc4 dxe5 8.
Nxe5 e6 9. O-O Be7 10. Nf3 O-O 11. Nc3 Nxc3 12. bxc3 b6 13. Re1 Bb7 14. Bb3 Bf6
15. Bf4 Rc8 16. Qd3 Ne7 17. Rac1 Ng6 18. Bg3 Bd5 19. Red1 Qd7 20. c4 Bxf3 21.
Qxf3 Bxd4 22. h4 Rfd8 23. h5 Ne7 24. h6 Nf5 25. Bf4 Qe7 26. hxg7 Qf6 27. Qe4
Qxg7 28. Rd3 Bf6 29. Rcd1 Qg4 30. Rxd8+ Rxd8 31. Rxd8+ Bxd8 32. g3 Bf6 33. Qd3
Nd4 34. Bd1 Qg6 35. Qxg6+ hxg6 36. Bd6 Nf5 37. Bb8 a5 38. g4 Ne7 39. Bd6 Nc8 40.
Ba3 Bd4 41. Kg2 f5 42. gxf5 gxf5 43. Ba4 Kf7 44. Bd7 Na7 45. Bd6 Bc5 46. Bb8 Ke7
47. Ba4 Nc8 48. Be5 Bd6 49. Bd4 e5 50. Be3 Ke6 51. Bc6 Ne7 52. Bb7 Bc5 53. Bg5
e4 54. Bxe7 Bxe7 55. a4 Ke5 56. f3 e3 57. Kf1 Kd4 58. Ke2 f4 59. Bc6 Kxc4 60.
Bb5+ Kc3 61. Be8 Bc5 1/2-1/2

[Event "European Rapid 2016"]
[Site "Tallinn EST"]
[Date "2016.12.15"]
[Round "6.29"]
[White "Novikov, Stanislav"]
[Black "Djuric, Stefan"]
[Result "1-0"]
[WhiteTitle "GM"]
[BlackTitle "GM"]
[WhiteElo "2513"]
[BlackElo "2429"]
[WhiteFideId "4125371"]
[BlackFideId "900133"]
[EventDate "2016.12.15"]

1. e4 e5 2. Nf3 Nc6 3. Bb5 a6 4. Bxc6 dxc6 5. O-O Qd6 6. d4 exd4 7. Nxd4 c5 8.
Ne2 Qxd1 9. Rxd1 Bd7 10. Nbc3 Nf6 11. Bg5 Bc6 12. Bxf6 gxf6 13. Nd5 O-O-O 14.
Nxf6 Bg7 15. e5 Bxf6 16. exf6 Rde8 17. Nf4 Re5 18. Re1 Rf5 19. Nd3 Rg8 20. g3 c4
21. Ne5 Bd5 22. Rad1 c6 23. Re3 Rgg5 24. Rxd5 cxd5 25. Nxf7 Rh5 26. Re8+ Kd7 27.
Re7+ Kc6 28. g4 Rhg5 29. Nxg5 Rxg5 30. h3 Rg8 31. Rxh7 d4 32. f7 Rf8 33. g5 d3
34. cxd3 cxd3 35. Kf1 Kd6 36. g6 Rc8 37. g7 1-0